00465nam a2200157Ia 4500082001800000245007200018260003300090300001000123504001900133650003100152650002900183650002200212650002900234700002300263700002100286 a302.0724 HUM; 0aHuman social behavior: a contemporary view of experimental research aHomewoodbDorsey Pressc1971 a559p. aIncludes index aHuman behaviour - Research aInterpersonal relations  aSocial psychology aInterpersonal attraction aLiebert, Robert M. aBaron, Robert A.